Phonetic Spelling Typing Challenge Quiz Stats

 Plays Quiz Updated Sep 24, 2018

Also try: Typing Challenge
Challenge
Share
Tweet
Embed
Score 0/50 Timer 04:00
0 Plays Today
Phonetic Spelling English Spelling % Correct
shoozshoes
98.9%
kon-kreetconcrete
97.9%
tel-uh-vizh-uhntelevision
97.4%
en-juh-neerengineer
96.7%
sit-eecity
95.3%
peyntpaint
86.5%
kuhn-cher-tohconcerto
76%
kawfcough
75.2%
ahy-luhndisland
74.1%
buh-nan-uhbanana
73.9%
suhn-deysunday
72.9%
muh-sheenmachine
71.8%
pee-an-ohpiano
71%
ruhfrough
70.6%
peet-suhpizza
70%
kuhm-pleyntcomplaint
67.1%
joh-vee-uhljovial
67%
guh-rahzhgarage
66%
sahy-kol-uh-jeepsychology
64%
pruh-nuhn-see-ey-shuhnpronunciation
62.7%
fiz-iksphysics
60.2%
chel-ohcello
57.5%
puh-tey-tohzpotatoes
57.1%
throothrough
56.4%
pen-juh-luhmpendulum
55.3%
Phonetic Spelling English Spelling % Correct
bahy-ol-uh-jeebiology
54.5%
fer-get-fuhlforgetful
54.2%
gahr-bijgarbage
54%
myoo-zikmusic
53.7%
kuhm-pyoo-tercomputer
53.3%
buh-nan-zuhbonanza
53.2%
im-pawr-tntimportant
52.1%
im-uh-nuhntimminent
50.8%
kem-uh-streechemistry
46.6%
boks-izboxes
44.4%
rahy-nos-er-uhsrhinoceros
43.6%
wahyfwife
41%
fawr-teeforty
33.3%
soo-pur-floo-uhssuperfluous
31.6%
plan-tey-shuhnplantation
30.2%
gri-neydgrenade
29.9%
sis-tuh-mat-iksystematic
28.7%
nahk-ingknocking
27.9%
os-uh-leytoscillate
27.7%
rid-lriddle
27%
rith-uhmrhythm
26.6%
sahy-koh-uh-nal-uh-sispsychoanalysis
25.9%
fuh-net-ikphonetic
21.6%
nahyvzknives
16.4%
fahy(uh)rfire
15.1%

You're not logged in!

Compare scores with friends on all Sporcle quizzes.
OR
Log In

You Might Also Like...

Show Comments

Extras

Top Quizzes Today


Score Distribution

Your Account Isn't Verified!

In order to create a playlist on Sporcle, you need to verify the email address you used during registration. Go to your Sporcle Settings to finish the process.

Report this User

Report this user for behavior that violates our Community Guidelines.

Details: